Tam quốc diễn nghĩa liên hoàn họa: Truyện tranh Tập 3: Tào Tháo đào tẩu
Kể lại âm mưu hành thích Đổng Trác của Tào Tháo. Việc không thành, Tháo chạy trốn khỏi kinh đô, về Trấn Lưu dấy binh chống lại
Saved in:
| Main Author: | |
|---|---|
| Other Authors: | , , , , |
| Format: | Book |
| Language: | Vietnamese |
| Published: |
H.
Văn học
2016
|
| Edition: | Tái bản lần thứ 1 |
| Subjects: | |
| Tags: |
Add Tag
No Tags, Be the first to tag this record!
|
| Institutions: | Thư viện Trường Đại học Nam Cần Thơ |
|---|
| LEADER | 01572nam a22002777a 4500 | ||
|---|---|---|---|
| 001 | NCT_4_020735 | ||
| 008 | 250524b xxu||||| |||| 00| 0 vie d | ||
| 999 | |c 9014 |d 9014 | ||
| 020 | |a 9786046974864 |c 11500 | ||
| 082 | 0 | 4 | |2 23rd ed. |a 895.1 |b Tr513/T.3 |
| 100 | 1 | |a La Quán Trung | |
| 245 | 1 | 0 | |a Tam quốc diễn nghĩa liên hoàn họa: |b Truyện tranh |n Tập 3: |p Tào Tháo đào tẩu |c La Quán Trung (Nguyên tác) ; Lương Sĩ, Lộ Sĩ Đạt (Lời) ; Trần Quan Dật, Từ Chính Bình (Tranh) ; Trần Đình Chiến (Dịch) |
| 250 | |a Tái bản lần thứ 1 | ||
| 260 | |a H. |b Văn học |c 2016 | ||
| 300 | |a 116 tr. |b Minh họa |c 16x12 cm | ||
| 500 | |a Đông A biên chỉnh theo bản Tam quốc diễn nghĩa do Phan Kế Bính dịch, Bùi Kỷ hiệu đính, NXB Phổ Thông, 1959-1960 | ||
| 520 | 3 | |a Kể lại âm mưu hành thích Đổng Trác của Tào Tháo. Việc không thành, Tháo chạy trốn khỏi kinh đô, về Trấn Lưu dấy binh chống lại | |
| 653 | |a Tham khảo | ||
| 700 | 1 | |a Lương Sĩ |e Lời | |
| 700 | 1 | |a Lộ Sĩ Đạt |e Lời | |
| 700 | 1 | |a Trần Quan Dật |e Tranh | |
| 700 | 1 | |a Từ Chính Bình |e Tranh | |
| 700 | 1 | |a Trần Đình Chiến |e Dịch | |
| 942 | |2 ddc |c BK | ||
| 952 | |0 0 |1 0 |2 ddc |4 0 |6 895_100000000000000_TR513_T_3 |7 0 |9 30823 |a 000001 |b 000001 |d 2025-05-24 |o 895.1 Tr513/T.3 |p TK.05498 |r 2025-05-24 |v 11500.00 |w 2025-05-24 |y BK | ||
| 980 | |a Thư viện Trường Đại học Nam Cần Thơ | ||


